[Event "21MCRW_F"]
[Site "?"]
[Date "2009.??.??"]
[Round "?"]
[White "Cvak, Rudolf"]
[Black "Valák, Alois"]
[Result "1/2-1/2"]
[WhiteElo "2328"]
[BlackElo "2370"]
[PlyCount "169"]
[EventDate "2009.??.??"]
[EventType "corr"]
[SourceDate "2004.06.03"]

1. e4 e5 2. Nf3 Nc6 3. Bb5 a6 4. Ba4 Nf6 5. O-O Be7 6. Re1 b5 7. Bb3 O-O 8. c3
d6 9. h3 Re8 10. d4 Bb7 11. Nbd2 Bf8 12. a4 h6 13. Bc2 exd4 14. cxd4 Nb4 15.
Bb1 c5 16. d5 Nd7 17. Ra3 g6 18. Nh2 h5 19. Ndf3 Bg7 20. a5 Qc7 21. Qb3 Nf6 22.
Bd2 Nbxd5 23. exd5 Rxe1+ 24. Bxe1 c4 25. Qc2 Nxd5 26. Ng5 Re8 27. Nhf3 f5 28.
Qc1 Qc5 29. Bc2 Bf6 30. h4 Re2 31. Qd1 Re7 32. Qc1 b4 33. Ra1 Kg7 34. Bd1 Bc6
35. Rb1 c3 36. bxc3 bxc3 37. Bb3 Qxa5 38. Ra1 Qb4 39. Qd1 Nc7 40. Rb1 a5 41.
Qc2 a4 42. Bd5 Qc5 43. Bxc6 Qxc6 44. Ra1 d5 45. Rxa4 d4 46. Ra1 Nd5 47. Qd3 Nf4
48. Qa6 Qxa6 49. Rxa6 d3 50. Kf1 c2 51. Bd2 Rc7 52. Kg1 c1=Q+ 53. Bxc1 Rxc1+
54. Kh2 Ra1 55. Rd6 Ra5 56. Rd7+ Kg8 57. Ne1 Ra2 58. Nxd3 Nxd3 59. Rxd3 Rxf2
60. Kg3 Rc2 61. Nf3 Rc3 62. Rd7 Be5+ 63. Kh3 Kf8 64. Rd5 Bf6 65. Rd7 Be7 66.
Rb7 Bd6 67. Rd7 Rd3 68. Rb7 Ra3 69. Rd7 Be7 70. Rb7 Bc5 71. Rc7 Bf2 72. Rc2 Ba7
73. Rc7 Bd4 74. Kh2 Bf6 75. Kg1 Rc3 76. Rb7 Rc1+ 77. Kf2 Rc2+ 78. Kf1 Rb2 79.
Ra7 Rb1+ 80. Kf2 Ra1 81. Rc7 Ra2+ 82. Kf1 Ra4 83. Rc6 Kg7 84. g3 Re4 85. Rc7+
1/2-1/2

[Event "21MCRW_F"]
[Site "?"]
[Date "2009.??.??"]
[Round "?"]
[White "Cvak, Rudolf"]
[Black "Volek, Stanislav"]
[Result "0-1"]
[WhiteElo "2328"]
[BlackElo "2308"]
[PlyCount "70"]
[EventDate "2009.??.??"]
[EventType "corr"]
[SourceDate "2004.06.03"]

1. e4 e6 2. d4 d5 3. e5 c5 4. Nc3 cxd4 5. Nb5 Nc6 6. Nf3 Bc5 7. a3 a6 8. b4
axb5 9. bxc5 Nge7 10. Rb1 Qa5+ 11. Bd2 Qxa3 12. Bd3 b4 13. O-O Qa5 14. Re1 Qxc5
15. Ng5 Ng6 16. Qh5 Ngxe5 17. Rxe5 Nxe5 18. Nxe6 Bxe6 19. Qxe5 O-O 20. Bxb4 Qb6
21. c3 Rfc8 22. cxd4 Qc7 23. Qe2 Ra4 24. h4 Qf4 25. Bc5 Qxh4 26. Qf1 Qf4 27.
Rxb7 Rca8 28. Bc2 Ra2 29. Qd1 Bg4 30. f3 Qe3+ 31. Kh2 Qf2 32. Qb1 Rxc2 33. Rb8+
Bc8 34. Qxc2 Qxc2 35. Rxa8 Qf5 0-1

[Event "21MCRW_F"]
[Site "?"]
[Date "2009.??.??"]
[Round "?"]
[White "Fric, Pavel"]
[Black "Contoš, Václav"]
[Result "1/2-1/2"]
[WhiteElo "2431"]
[BlackElo "2472"]
[PlyCount "77"]
[EventDate "2009.??.??"]
[EventType "corr"]
[SourceDate "2004.06.03"]

1. e4 e5 2. Nf3 Nc6 3. d4 exd4 4. Nxd4 Bc5 5. Be3 Qf6 6. c3 Nge7 7. Bc4 O-O 8.
O-O Ne5 9. Be2 d5 10. f4 N5c6 11. e5 Qh4 12. Qd2 Bg4 13. Bd3 Bb6 14. Na3 Nxd4
15. Bxd4 Qh6 16. b4 Nc6 17. Bxb6 axb6 18. Nb5 Nxe5 19. Nxc7 Rad8 20. Bc2 Qc6
21. fxe5 Qxc7 22. Rae1 Be6 23. Qd3 g6 24. Bb3 b5 25. Re3 Qb6 26. Rf4 Rd7 27. h4
Rfd8 28. Qd4 Qxd4 29. Rxd4 h5 30. Kf2 Kf8 31. Kf3 Ke7 32. Kf4 Bf5 33. Bd1 Bb1
34. Be2 Bxa2 35. Bxb5 Rc7 36. Be2 Bc4 37. Bf3 Rc6 38. Re1 Ra8 39. Rd2 1/2-1/2

[Event "21MCRW_F"]
[Site "?"]
[Date "2009.??.??"]
[Round "?"]
[White "Fric, Pavel"]
[Black "Cvak, Rudolf"]
[Result "1-0"]
[WhiteElo "2431"]
[BlackElo "2328"]
[PlyCount "71"]
[EventDate "2009.??.??"]
[EventType "corr"]
[SourceDate "2004.06.03"]

1. e4 e5 2. Nf3 Nc6 3. d4 exd4 4. Nxd4 Bc5 5. Be3 Qf6 6. c3 Nge7 7. Bc4 O-O 8.
O-O Bb6 9. Na3 Qg6 10. Re1 d6 11. f4 Qxe4 12. Nab5 Nxd4 13. Bxd4 Qc6 14. Rxe7
Qxc4 15. a4 Be6 16. Bxb6 cxb6 17. Qd2 Qc5+ 18. Qd4 Qxd4+ 19. Nxd4 Rab8 20. a5
Rfe8 21. Rxe8+ Rxe8 22. axb6 a6 23. Re1 Kf8 24. Kf2 h5 25. Kg3 g6 26. Kh4 Bd5
27. Rxe8+ Kxe8 28. g3 Kf8 29. Kg5 Ke7 30. f5 Be4 31. f6+ Kf8 32. Nb3 Bh1 33.
Na5 Bd5 34. Kh6 Bg2 35. Nc4 a5 36. Nxd6 1-0

[Event "21MCRW_F"]
[Site "?"]
[Date "2009.??.??"]
[Round "?"]
[White "Fric, Pavel"]
[Black "Hladecek, Miloslav"]
[Result "1/2-1/2"]
[WhiteElo "2431"]
[BlackElo "2422"]
[PlyCount "101"]
[EventDate "2009.??.??"]
[EventType "corr"]
[SourceDate "2004.06.03"]

1. e4 e6 2. d4 d5 3. Nd2 c5 4. dxc5 Bxc5 5. Nb3 Bb6 6. exd5 exd5 7. Bd3 Nf6 8.
Qe2+ Be6 9. Nf3 O-O 10. Be3 Re8 11. O-O-O Nc6 12. Rhe1 a5 13. Bxb6 Qxb6 14. Qe3
Qc7 15. Nbd4 Bg4 16. Nb5 Qb8 17. Qb6 Rxe1 18. Rxe1 Bxf3 19. gxf3 Qf4+ 20. Kb1
Ne5 21. Qxb7 Rf8 22. Qc7 Nxd3 23. cxd3 Qd2 24. Qc3 Qxf2 25. Qxa5 h5 26. Qc3 Ra8
27. Rc1 Qxh2 28. Qc6 Rb8 29. Qd6 Qxd6 30. Nxd6 Nd7 31. d4 Rb4 32. Rc7 Nf8 33.
Nxf7 Ne6 34. Re7 Rb6 35. Ne5 h4 36. a4 Ra6 37. a5 Nxd4 38. b4 Ra8 39. Rd7 h3
40. Ng4 Rb8 41. a6 Rxb4+ 42. Kc1 Ra4 43. a7 Kh7 44. Rxd5 Nxf3 45. Rh5+ Kg6 46.
Rxh3 Ng5 47. Rb3 Rxa7 48. Rb5 Nf3 49. Ne3 Re7 50. Nf5 Rd7 51. Nxg7 1/2-1/2

[Event "21MCRW_F"]
[Site "?"]
[Date "2009.??.??"]
[Round "?"]
[White "Fric, Pavel"]
[Black "Izing, Štefan"]
[Result "1-0"]
[WhiteElo "2431"]
[BlackElo "2113"]
[PlyCount "117"]
[EventDate "2009.??.??"]
[EventType "corr"]
[SourceDate "2004.06.03"]

1. d4 d5 2. c4 e6 3. cxd5 exd5 4. Nc3 Nf6 5. Bg5 Bb4 6. e3 h6 7. Bh4 g5 8. Bg3
Ne4 9. Nge2 h5 10. h4 Bg4 11. Qb3 Nxg3 12. Nxg3 Nc6 13. Bb5 Bxc3+ 14. Qxc3 Rh6
15. f3 Bd7 16. Qc2 Qf6 17. Bxc6 Bxc6 18. Kf2 g4 19. Rac1 Qe6 20. b4 a6 21. a4
Qd7 22. Ra1 b5 23. a5 O-O-O 24. Qf5 Rg8 25. Rac1 Kb7 26. Qxd7 Bxd7 27. Rhe1
gxf3 28. gxf3 Rhg6 29. Rg1 Bh3 30. e4 dxe4 31. Nxe4 Rd8 32. Ke3 Bf5 33. Rxg6
fxg6 34. Rc5 Rf8 35. d5 Bxe4 36. fxe4 Rf1 37. e5 Re1+ 38. Kf4 Rf1+ 39. Kg3 Rg1+
40. Kf3 Rf1+ 41. Ke2 Rf4 42. e6 Rxh4 43. Kf3 Rh1 44. Kf4 h4 45. Rc3 Re1 46. Kg5
Kc8 47. Rf3 Rg1+ 48. Kh6 Re1 49. Kxg6 Kd8 50. Rf8+ Ke7 51. Rf7+ Kd6 52. Rd7+
Ke5 53. e7 Kd4 54. Rxc7 Kxd5 55. Kf7 h3 56. e8=Q Rxe8 57. Kxe8 Kd4 58. Kd7 h2
59. Rc1 1-0

[Event "21MCRW_F"]
[Site "?"]
[Date "2009.??.??"]
[Round "?"]
[White "Fric, Pavel"]
[Black "Kuta, Jirí"]
[Result "1-0"]
[WhiteElo "2431"]
[BlackElo "2438"]
[PlyCount "39"]
[EventDate "2009.??.??"]
[EventType "corr"]
[SourceDate "2004.06.03"]

1. e4 c5 2. Nf3 Nc6 3. Nc3 e6 4. d4 cxd4 5. Nxd4 Qc7 6. Be2 a6 7. O-O Nf6 8.
Be3 Bb4 9. Na4 Rb8 10. c4 Be7 11. Nc3 d6 12. f4 O-O 13. Rc1 Bd7 14. a3 e5 15.
Nc2 exf4 16. Bxf4 Rbd8 17. Ne3 Be6 18. Ncd5 Nxd5 19. cxd5 g5 20. Bg3 1-0

[Event "21MCRW_F"]
[Site "?"]
[Date "2009.??.??"]
[Round "?"]
[White "Fric, Pavel"]
[Black "Kýhos, Alois"]
[Result "1/2-1/2"]
[WhiteElo "2431"]
[BlackElo "2457"]
[PlyCount "103"]
[EventDate "2009.??.??"]
[EventType "corr"]
[SourceDate "2004.06.03"]

1. e4 e5 2. Nf3 d6 3. d4 exd4 4. Nxd4 Nf6 5. Nc3 Be7 6. Bf4 O-O 7. Qd2 Nc6 8.
O-O-O Nxd4 9. Qxd4 Be6 10. f3 a6 11. g4 b5 12. h4 c5 13. Qd2 b4 14. Nd5 Nxd5
15. exd5 Bd7 16. Kb1 a5 17. Re1 a4 18. Bd3 Rc8 19. b3 Bf6 20. Bxd6 Bc3 21. Qf4
Bxe1 22. Bxf8 Bc3 23. Bd6 axb3 24. cxb3 Qb6 25. Bc4 Re8 26. Bc7 Qa7 27. h5 h6
28. Rf1 Bd4 29. Qh2 Bc8 30. Bf4 Ba6 31. Qc2 Bxc4 32. Qxc4 Ra8 33. Qc2 Qa6 34.
Re1 Bc3 35. Re4 Qf1+ 36. Bc1 Qxf3 37. d6 f5 38. Rf4 Qd5 39. Rxf5 Qxd6 40. Qe4
Qa6 41. Qc4+ Qxc4 42. bxc4 Re8 43. Rxc5 Re4 44. g5 hxg5 45. Bxg5 Re1+ 46. Kc2
Re2+ 47. Kd3 Rxa2 48. Rf5 g6 49. hxg6 Kg7 50. Rb5 Kxg6 51. Be3 Kf6 52. c5
1/2-1/2

[Event "21MCRW_F"]
[Site "?"]
[Date "2009.??.??"]
[Round "?"]
[White "Fric, Pavel"]
[Black "Pravec, Ladislav"]
[Result "1/2-1/2"]
[WhiteElo "2431"]
[BlackElo "2328"]
[PlyCount "94"]
[EventDate "2009.??.??"]
[EventType "corr"]
[SourceDate "2004.06.03"]

1. e4 c5 2. Nf3 Nc6 3. d4 cxd4 4. Nxd4 Nf6 5. Nc3 e5 6. Ndb5 d6 7. Bg5 a6 8.
Na3 b5 9. Nd5 Be7 10. Bxf6 Bxf6 11. c3 Bg5 12. Nc2 Ne7 13. h4 Bh6 14. a4 bxa4
15. Ncb4 O-O 16. Qxa4 a5 17. Nxe7+ Qxe7 18. Bb5 Bb7 19. Nc6 Qc7 20. O-O Rfc8
21. Nxa5 g6 22. Qc4 Bxe4 23. Qxe4 Rxa5 24. Rxa5 Qxa5 25. Bc4 Qc5 26. Bd5 Kg7
27. Ra1 Rc7 28. Qd3 f5 29. b4 e4 30. bxc5 exd3 31. c6 Kf6 32. Rd1 d2 33. g3 Ke5
34. Bh1 f4 35. Rxd2 f3 36. Rd3 Rxc6 37. Bxf3 Rc5 38. Kf1 d5 39. Bg2 Bg7 40. Ke1
Ke6 41. Kd2 Ra5 42. Bh1 Rc5 43. f4 Bf6 44. Bf3 Rb5 45. Bd1 Ra5 46. Bg4+ Kf7 47.
Bf3 Ke6 1/2-1/2

[Event "21MCRW_F"]
[Site "?"]
[Date "2009.??.??"]
[Round "?"]
[White "Hladecek, Miloslav"]
[Black "Blecha, Miroslav"]
[Result "1/2-1/2"]
[WhiteElo "2422"]
[BlackElo "2387"]
[PlyCount "97"]
[EventDate "2009.??.??"]
[EventType "corr"]
[SourceDate "2004.06.03"]

1. d4 Nf6 2. Nf3 e6 3. g3 b5 4. Bg2 Bb7 5. O-O c5 6. Be3 cxd4 7. Qxd4 Be7 8.
Qd3 a6 9. a4 b4 10. a5 O-O 11. Bb6 Qe8 12. Nbd2 d5 13. c4 bxc3 14. bxc3 Nbd7
15. Bd4 Bd6 16. Rab1 Qc8 17. c4 e5 18. Qb3 Bc6 19. Bb6 Rb8 20. Rfc1 d4 21. c5
Bxc5 22. Nxe5 Bxg2 23. Kxg2 Qb7+ 24. Qf3 Qxf3+ 25. Ndxf3 Bxb6 26. Nc6 Bxa5 27.
Rxb8 Nxb8 28. Nxa5 d3 29. exd3 Nd5 30. Rc5 Nb4 31. d4 Nd7 32. Rc4 Nd5 33. Rc6
N7b6 34. Ne5 Rc8 35. Rd6 Kf8 36. h4 Ke7 37. Nb7 g6 38. h5 gxh5 39. Rh6 Nc4 40.
Rxh7 Nxe5 41. dxe5 Rc2 42. Kf3 Nb4 43. Nd6 Ke6 44. Nxf7 Nd3 45. Nd8+ Kxe5 46.
Rxh5+ Kf6 47. Rh6+ Ke7 48. Ke3 Nxf2 49. Nc6+ 1/2-1/2

[Event "21MCRW_F"]
[Site "?"]
[Date "2009.??.??"]
[Round "?"]
[White "Hladecek, Miloslav"]
[Black "Izing, Štefan"]
[Result "1/2-1/2"]
[WhiteElo "2422"]
[BlackElo "2113"]
[PlyCount "115"]
[EventDate "2009.??.??"]
[EventType "corr"]
[SourceDate "2004.06.03"]

1. d4 Nf6 2. Nf3 d5 3. c4 e6 4. Nc3 c6 5. e3 Nbd7 6. Be2 Bd6 7. O-O O-O 8. b3
Ne4 9. Qc2 f5 10. Bb2 Qe7 11. Rac1 b6 12. cxd5 exd5 13. Ne5 Nxe5 14. dxe5 Bxe5
15. Nxe4 Bxb2 16. Qxb2 fxe4 17. Rxc6 Bb7 18. Rc2 Rac8 19. Rxc8 Rxc8 20. Rc1 h6
21. Rxc8+ Bxc8 22. h3 Qb4 23. Bh5 Qd6 24. Qc3 Bd7 25. b4 Kh7 26. a3 Bf5 27. a4
Be6 28. b5 Kg8 29. Be8 Qd8 30. Bc6 Qg5 31. Kf1 Kf7 32. a5 Qf6 33. Qa3 d4 34.
axb6 dxe3 35. Qxa7+ Kg6 36. Bxe4+ Kg5 37. f3 Bc4+ 38. Kg1 e2 39. Qa5 Qd4+ 40.
Kh2 Qe5+ 41. g3 Qd4 42. f4+ Kf6 43. Bg2 Bd5 44. Qe1 Qd1 45. Qc3+ Kf7 46. Bxd5+
Qxd5 47. b7 Qxb5 48. g4 Qxb7 49. Qc4+ Kf6 50. Qxe2 Qc7 51. Qb2+ Kf7 52. Qb3+
Kf6 53. Kg3 g5 54. Qb4 Qxf4+ 55. Qxf4+ gxf4+ 56. Kxf4 Ke6 57. h4 Kf6 58. Ke4
1/2-1/2

[Event "21MCRW_F"]
[Site "?"]
[Date "2009.??.??"]
[Round "?"]
[White "Hladecek, Miloslav"]
[Black "Jandovský, Viktor"]
[Result "1-0"]
[WhiteElo "2422"]
[BlackElo "2347"]
[PlyCount "63"]
[EventDate "2009.??.??"]
[EventType "corr"]
[SourceDate "2004.06.03"]

1. d4 Nf6 2. Nf3 e6 3. g3 b5 4. Bg2 Bb7 5. O-O c5 6. Be3 cxd4 7. Qxd4 Nc6 8.
Qd3 Nb4 9. Qd2 Nbd5 10. Bd4 Qc7 11. a4 b4 12. Rc1 Ne4 13. Qd1 Bc5 14. Nbd2 Ndf6
15. Nxe4 Nxe4 16. Ne1 O-O 17. c3 Bxd4 18. cxd4 Qd8 19. a5 f5 20. e3 Rb8 21. Nd3
Bc6 22. Ne5 Bb5 23. d5 d6 24. Nc6 Bxc6 25. Rxc6 Qf6 26. Rb1 e5 27. Rbc1 Rb5 28.
Qa4 Rbb8 29. Qb3 Rb5 30. Qc4 Rxa5 31. Qxb4 Rxd5 32. f3 1-0

[Event "21MCRW_F"]
[Site "?"]
[Date "2009.??.??"]
[Round "?"]
[White "Hladecek, Miloslav"]
[Black "Jirku, Jaroslav"]
[Result "1-0"]
[WhiteElo "2422"]
[BlackElo "2332"]
[PlyCount "83"]
[EventDate "2009.??.??"]
[EventType "corr"]
[SourceDate "2004.06.03"]

1. d4 d5 2. Nf3 Nf6 3. c4 dxc4 4. e3 a6 5. Bxc4 e6 6. O-O c5 7. dxc5 Bxc5 8.
Qxd8+ Kxd8 9. Be2 Ke7 10. Nbd2 Bd7 11. Nb3 Bb6 12. Bd2 Nc6 13. Bc3 Rhd8 14.
Nfd2 Be8 15. Nc4 Bc7 16. Bf3 Kf8 17. Nca5 Rab8 18. Nxc6 Bxc6 19. Bxf6 gxf6 20.
Bxc6 bxc6 21. Rfc1 Rb6 22. Rc2 Rd5 23. Rac1 Bd6 24. e4 Rd3 25. Kf1 Be5 26. Rxc6
Rxc6 27. Rxc6 Rd1+ 28. Ke2 Rb1 29. Rc2 Rxb2 30. Rxb2 Bxb2 31. Kd3 Be5 32. h3
Kg7 33. a4 Kg6 34. Kc4 f5 35. exf5+ Kxf5 36. Nc5 a5 37. Nb3 Bh2 38. Nxa5 Bg1
39. f3 Kf4 40. Nc6 Bb6 41. Kb5 Bc7 42. Ka6 1-0

[Event "21MCRW_F"]
[Site "?"]
[Date "2009.??.??"]
[Round "?"]
[White "Hladecek, Miloslav"]
[Black "Kuta, Jirí"]
[Result "1-0"]
[WhiteElo "2422"]
[BlackElo "2438"]
[PlyCount "87"]
[EventDate "2009.??.??"]
[EventType "corr"]
[SourceDate "2004.06.03"]

1. d4 Nf6 2. Nf3 d5 3. c4 c6 4. e3 e6 5. Bd3 dxc4 6. Bxc4 c5 7. O-O a6 8. h3
Nc6 9. dxc5 Qxd1 10. Rxd1 Bxc5 11. b3 O-O 12. Bb2 b5 13. Be2 Be7 14. a4 b4 15.
Ne5 Nxe5 16. Bxe5 Bb7 17. Nd2 Nd7 18. Bd4 Rac8 19. Nc4 Nc5 20. Bxc5 Bxc5 21.
Rac1 Bd5 22. Nd2 a5 23. Bf3 Be7 24. Bxd5 exd5 25. Nf3 Rc3 26. Rxc3 bxc3 27. Nd4
f5 28. Rc1 Rc8 29. Kf1 g6 30. Ke2 Kf7 31. Kd3 Bb4 32. Ne2 Ke6 33. Nxc3 Bxc3 34.
Rxc3 Rb8 35. Rc6+ Kd7 36. Ra6 Rxb3+ 37. Ke2 Ra3 38. Rxa5 Ra2+ 39. Kf3 Ke6 40.
g3 Ke5 41. Ra8 g5 42. a5 h5 43. h4 g4+ 44. Kg2 1-0

[Event "21MCRW_F"]
[Site "?"]
[Date "2009.??.??"]
[Round "?"]
[White "Hladecek, Miloslav"]
[Black "Valák, Alois"]
[Result "1/2-1/2"]
[WhiteElo "2422"]
[BlackElo "2370"]
[PlyCount "79"]
[EventDate "2009.??.??"]
[EventType "corr"]
[SourceDate "2004.06.03"]

1. d4 Nf6 2. Nf3 g6 3. c4 Bg7 4. Nc3 O-O 5. e4 d6 6. Be2 e5 7. dxe5 dxe5 8. O-O
Nc6 9. Qxd8 Rxd8 10. Bg5 Rf8 11. Rfd1 Bg4 12. Rac1 h6 13. Be3 Rfd8 14. h3 Bxf3
15. Bxf3 Nd4 16. Nb5 Ne6 17. Rxd8+ Rxd8 18. c5 a6 19. Na3 Nh7 20. h4 f5 21. Rd1
Nf6 22. Rxd8+ Nxd8 23. exf5 gxf5 24. Bd2 Kh7 25. Nc4 e4 26. Bd1 Nd5 27. g4 Kg6
28. h5+ Kf6 29. gxf5 Kxf5 30. Ba4 Nc6 31. Kg2 Nf4+ 32. Bxf4 Kxf4 33. Bxc6 bxc6
34. b4 Bc3 35. a3 Kf5 36. Na5 Ke6 37. Nxc6 Kd5 38. Nb8 a5 39. bxa5 Bxa5 40. c6
1/2-1/2

[Event "21MCRW_F"]
[Site "?"]
[Date "2009.??.??"]
[Round "?"]
[White "Hladecek, Miloslav"]
[Black "Volek, Stanislav"]
[Result "1-0"]
[WhiteElo "2422"]
[BlackElo "2308"]
[PlyCount "141"]
[EventDate "2009.??.??"]
[EventType "corr"]
[SourceDate "2004.06.03"]

1. d4 e6 2. Nf3 Nf6 3. g3 c5 4. Bg2 cxd4 5. O-O a6 6. Qxd4 Nc6 7. Qd3 d5 8. c4
e5 9. cxd5 e4 10. Qe3 Nb4 11. Ne1 Bf5 12. Qb3 Qxd5 13. Nc3 Qxb3 14. axb3 Rd8
15. Bg5 Be7 16. Bxf6 Bxf6 17. Nxe4 Be7 18. Rc1 O-O 19. Rc7 Rd7 20. Rxd7 Bxd7
21. Nf3 Rd8 22. e3 b6 23. Rd1 g6 24. Nc3 Kg7 25. Rd2 f6 26. Nd4 f5 27. Kf1 Kf6
28. Ke2 Bc5 29. Bb7 Rb8 30. Bd5 Rd8 31. Nc2 Nxc2 32. Rxc2 Kg7 33. Bb7 a5 34.
Ba6 Be8 35. Bb5 Bxb5+ 36. Nxb5 Kf7 37. Nc3 Bd6 38. Na4 b5 39. Nc3 Rb8 40. f4
Bf8 41. Rd2 b4 42. Na4 Ke6 43. Rc2 Bd6 44. Rc6 Kd5 45. Ra6 Bc7 46. Rf6 Rh8 47.
Rf7 Bd8 48. Ra7 Kd6 49. Kd3 Kd5 50. h3 Kd6 51. Kc4 Re8 52. Ra6+ Kc7 53. Kd3 Kb7
54. Nc5+ Kc7 55. g4 Bh4 56. gxf5 gxf5 57. Ke2 Bd8 58. Rh6 Rg8 59. Kd3 Rg2 60.
Ne6+ Kd7 61. Nd4 Ke8 62. Rxh7 Rxb2 63. Kc4 Bb6 64. Nxf5 Rc2+ 65. Kb5 Rc5+ 66.
Kxb6 Rxf5 67. Kc6 Kf8 68. h4 Rf6+ 69. Kd5 Kg8 70. Rh5 Rb6 71. Kc4 1-0

[Event "21MCRW_F"]
[Site "?"]
[Date "2009.??.??"]
[Round "?"]
[White "Izing, Štefan"]
[Black "Blecha, Miroslav"]
[Result "1/2-1/2"]
[WhiteElo "2113"]
[BlackElo "2387"]
[PlyCount "91"]
[EventDate "2009.??.??"]
[EventType "corr"]
[SourceDate "2004.06.03"]

1. d4 Nf6 2. c4 e6 3. Nf3 b6 4. g3 Ba6 5. b3 Bb4+ 6. Bd2 Be7 7. Bg2 c6 8. Bc3
d5 9. Ne5 Nfd7 10. Nxd7 Nxd7 11. Nd2 O-O 12. O-O f5 13. Qc2 Rc8 14. Rfd1 Nf6
15. a4 Qe8 16. a5 b5 17. c5 f4 18. Bf3 fxg3 19. hxg3 Qf7 20. b4 Rce8 21. Rf1
Bc8 22. e3 h5 23. Be2 Ng4 24. Nf3 Qf5 25. Rac1 Bf6 26. Kg2 Qxc2 27. Rxc2 Re7
28. Rh1 g6 29. Bd3 Kg7 30. e4 Ref7 31. Nh2 Nxh2 32. Rxh2 h4 33. gxh4 Bd8 34.
Kf1 Rf4 35. h5 dxe4 36. Be2 Bf6 37. hxg6 Kxg6 38. Bd1 Rh4 39. Rxh4 Bxh4 40. Re2
e5 41. Rxe4 Rxf2+ 42. Kg1 Bh3 43. Rxh4 Rf1+ 44. Kh2 Rxd1 45. d5 Bf5 46. dxc6
1/2-1/2

[Event "21MCRW_F"]
[Site "?"]
[Date "2009.??.??"]
[Round "?"]
[White "Izing, Štefan"]
[Black "Bucek, Jirí"]
[Result "1/2-1/2"]
[WhiteElo "2113"]
[BlackElo "2379"]
[PlyCount "60"]
[EventDate "2009.??.??"]
[EventType "corr"]
[SourceDate "2004.06.03"]

1. e4 c5 2. Nf3 d6 3. d4 cxd4 4. Nxd4 Nf6 5. Nc3 a6 6. Be3 Ng4 7. Bg5 h6 8. Bh4
g5 9. Bg3 Bg7 10. h3 Ne5 11. f3 Nbc6 12. Bf2 Be6 13. Qd2 Rc8 14. O-O-O Qa5 15.
Nb3 Qc7 16. Kb1 Na5 17. Bd4 Nac6 18. Be3 Na5 19. Bd4 Nac6 20. Be3 b5 21. h4 g4
22. f4 Nc4 23. Bxc4 bxc4 24. Nd4 Rb8 25. Nxc6 Qxc6 26. Bd4 Qb7 27. Qc1 Bxd4 28.
Rxd4 f6 29. f5 Bf7 30. Nd5 h5 1/2-1/2

[Event "21MCRW_F"]
[Site "?"]
[Date "2009.??.??"]
[Round "?"]
[White "Izing, Štefan"]
[Black "Jandovský, Viktor"]
[Result "1/2-1/2"]
[WhiteElo "2113"]
[BlackElo "2347"]
[PlyCount "91"]
[EventDate "2009.??.??"]
[EventType "corr"]
[SourceDate "2004.06.03"]

1. d4 Nf6 2. c4 e6 3. Nf3 b6 4. g3 Ba6 5. b3 Bb4+ 6. Bd2 Be7 7. Bg2 c6 8. Bc3
d5 9. Ne5 Nfd7 10. Nxd7 Nxd7 11. Nd2 O-O 12. O-O f5 13. Rc1 Rc8 14. Bb2 Bd6 15.
Nf3 Qe7 16. Qd2 Nf6 17. c5 Bb8 18. Ne5 Ne4 19. Qe3 Bxe5 20. dxe5 Rfd8 21. Rfe1
Nxc5 22. Ba3 d4 23. Qd2 d3 24. Bxc5 bxc5 25. exd3 Rxd3 26. Qa5 Bb7 27. Rxc5 Qd7
28. Rc2 Rd1 29. h4 h6 30. Kh2 Rxe1 31. Qxe1 c5 32. Rd2 Bd5 33. Qe3 a5 34. Bf3
a4 35. bxa4 c4 36. Bxd5 exd5 37. e6 Qd6 38. e7 Re8 39. Qf3 d4 40. Qxf5 c3 41.
Qb5 Rxe7 42. Qc4+ Qe6 43. Rxd4 Qxc4 44. Rxc4 Re2 45. Kg2 Rxa2 46. Rxc3 1/2-1/2

[Event "21MCRW_F"]
[Site "?"]
[Date "2009.??.??"]
[Round "?"]
[White "Izing, Štefan"]
[Black "Jirku, Jaroslav"]
[Result "1/2-1/2"]
[WhiteElo "2113"]
[BlackElo "2332"]
[PlyCount "51"]
[EventDate "2009.??.??"]
[EventType "corr"]
[SourceDate "2004.06.03"]

1. e4 c5 2. Nf3 d6 3. d4 cxd4 4. Nxd4 Nf6 5. Nc3 a6 6. Be3 e6 7. Bc4 b5 8. Bb3
Be7 9. f3 O-O 10. O-O Bd7 11. Qd2 Nc6 12. a4 b4 13. Na2 Nxd4 14. Bxd4 a5 15. c3
bxc3 16. Nxc3 Qb8 17. Bc4 Rc8 18. b3 Bc6 19. Rac1 d5 20. exd5 Nxd5 21. Nxd5
Bxd5 22. Bxd5 exd5 23. Rc3 Re8 24. g3 Qb7 25. Qc2 Bd6 26. Rc1 1/2-1/2

[Event "21MCRW_F"]
[Site "?"]
[Date "2009.??.??"]
[Round "?"]
[White "Izing, Štefan"]
[Black "Sýkora, Josef"]
[Result "1/2-1/2"]
[WhiteElo "2113"]
[BlackElo "2373"]
[PlyCount "133"]
[EventDate "2009.??.??"]
[EventType "corr"]
[SourceDate "2004.06.03"]

1. d4 d5 2. c4 c6 3. Nf3 Nf6 4. Nc3 e6 5. e3 Nbd7 6. Bd3 dxc4 7. Bxc4 b5 8. Bd3
Bd6 9. O-O O-O 10. Qc2 Bb7 11. a3 Qe7 12. Rd1 a6 13. e4 e5 14. Be2 Rad8 15. Bg5
h6 16. Bh4 Bb8 17. Rac1 Rfe8 18. dxe5 Nxe5 19. Nd4 g6 20. b4 Ned7 21. Nb3 Bf4
22. Rb1 g5 23. Na5 Ba8 24. Bg3 Bxg3 25. hxg3 c5 26. f3 Nf8 27. Bf1 Ne6 28. Qf2
Qc7 29. Rbc1 c4 30. a4 Qe5 31. Rxd8 Rxd8 32. Qb6 g4 33. f4 Qd4+ 34. Qxd4 Nxd4
35. axb5 axb5 36. Rd1 h5 37. e5 Ne8 38. Nxb5 Nf3+ 39. gxf3 Rxd1 40. fxg4 Nc7
41. Nxc7 c3 42. Nb3 c2 43. Kf2 Bb7 44. Bc4 Rb1 45. e6 Kf8 46. exf7 Bc8 47. Ne8
Bxg4 48. Nf6 Bf5 49. Nc5 Rd1 50. Nb3 Rd4 51. Nxd4 c1=Q 52. Nxf5 Qb2+ 53. Kf3
Qxf6 54. Ne3 Qc6+ 55. Ke2 Qd6 56. b5 h4 57. gxh4 Qxf4 58. Kd3 Qxh4 59. Nd1 Qf4
60. Nc3 Qf5+ 61. Kd4 Qf6+ 62. Kd3 Qg6+ 63. Kd4 Qb6+ 64. Kd3 Qc5 65. Ne2 Qa3+
66. Ke4 Qb4 67. Kd3 1/2-1/2

[Event "21MCRW_F"]
[Site "?"]
[Date "2009.??.??"]
[Round "?"]
[White "Izing, Štefan"]
[Black "Valák, Alois"]
[Result "1/2-1/2"]
[WhiteElo "2113"]
[BlackElo "2370"]
[PlyCount "51"]
[EventDate "2009.??.??"]
[EventType "corr"]
[SourceDate "2004.06.03"]

1. d4 Nf6 2. Nf3 g6 3. c4 Bg7 4. Nc3 O-O 5. e4 d6 6. Be2 e5 7. O-O exd4 8. Nxd4
Re8 9. f3 Nc6 10. Be3 Nh5 11. Qd2 Nf4 12. Rfd1 Bd7 13. Nxc6 Nxe2+ 14. Qxe2 Bxc6
15. Rac1 Qe7 16. b4 b6 17. Rd3 Qd7 18. Qd2 f5 19. exf5 Qxf5 20. Nd5 Bxd5 21.
cxd5 Qf7 22. Rc6 a5 23. b5 Re7 24. Qc1 Rae8 25. Bf2 Rd7 26. Qd1 1/2-1/2

[Event "21MCRW_F"]
[Site "?"]
[Date "2009.??.??"]
[Round "?"]
[White "Izing, Štefan"]
[Black "Volek, Stanislav"]
[Result "1-0"]
[WhiteElo "2113"]
[BlackElo "2308"]
[PlyCount "85"]
[EventDate "2009.??.??"]
[EventType "corr"]
[SourceDate "2004.06.03"]

1. e4 e6 2. d4 d5 3. Nc3 Bb4 4. e5 c5 5. a3 Bxc3+ 6. bxc3 Ne7 7. Nf3 Qa5 8. Bd2
Bd7 9. c4 Qc7 10. cxd5 exd5 11. c3 O-O 12. Be2 Nbc6 13. O-O Bg4 14. Rc1 Rae8
15. h3 Bh5 16. Re1 c4 17. Bf4 f6 18. Bg3 fxe5 19. dxe5 Qa5 20. a4 Nf5 21. Bh2
Bg6 22. Qd2 Nfe7 23. Nh4 Qb6 24. Bg4 Bd3 25. Be6+ Kh8 26. Bd7 Rd8 27. e6 Be4
28. Bd6 Rf6 29. Ra1 Rg8 30. a5 Qd8 31. Bg3 Nb8 32. a6 Nxd7 33. exd7 b5 34. Rad1
Nc6 35. Rxe4 dxe4 36. Qd5 Qb6 37. Qxe4 Nd8 38. Nf3 h6 39. Be5 Re6 40. Qf5 Rg6
41. Nh4 Rg5 42. Qc2 Nf7 43. Bf4 1-0

[Event "21MCRW_F"]
[Site "?"]
[Date "2009.??.??"]
[Round "?"]
[White "Jandovský, Viktor"]
[Black "Bucek, Jirí"]
[Result "1/2-1/2"]
[WhiteElo "2347"]
[BlackElo "2379"]
[PlyCount "60"]
[EventDate "2009.??.??"]
[EventType "corr"]
[SourceDate "2004.06.03"]

1. e4 e6 2. d4 d5 3. Nc3 Nf6 4. e5 Nfd7 5. f4 c5 6. Nf3 Nc6 7. Be3 cxd4 8. Nxd4
Bc5 9. Qd2 O-O 10. O-O-O a6 11. Kb1 Nxd4 12. Bxd4 b5 13. Qe3 Qc7 14. Bd3 Bxd4
15. Qxd4 Rb8 16. a3 Qc5 17. Qxc5 Nxc5 18. b4 Nd7 19. Rhf1 Nb6 20. Ne2 Bd7 21.
c3 Rfc8 22. Kb2 Rc7 23. Rc1 Rbc8 24. Kb3 h5 25. h4 Na4 26. Rc2 g6 27. g3 Kg7
28. Rfc1 Kf8 29. Nd4 Ke7 30. Be2 Ke8 1/2-1/2